000 00405nam a2200133Ia 4500
008 100328s9999 xx 000 0 und d
082 _b72023
100 _aकुलकर्णी जी.ए.
245 _aएक अरबी कहाणी
260 _bब्लू बर्ड.
630 _aएक अरबी कहाणी
730 _aएक अरबी कहाणी
942 _cBOOK
999 _c557746
_d557743